000 00962nam a2200289 i 4500
003 EG-GICUC
005 20260428100140.0
008 260428s1956 fr fr|||| 00| 0 fre d
040 _aEG-GiCUC
_bfre
_cEG-GiCUC
_dEG-GiCUC
_eRda
041 _afre
082 0 4 _221
_a343.54
_bVE
092 0 4 _221
099 _aLaw1 10 343.54 VE 1956
245 0 0 _a Vers une cour criminelle internationale :
_b1ère partie, introduction /
_c[Auteur non mentionné sur la page].
264 _a[S.l.] :
_b[s.n.],
_c1956.
300 _a271 page;
_apagination diverse
_c 24 cm.
336 _2rda contenu
_a texte
337 _2rda medias
_aOrdinateur
338 _2 transporteur rda
_a Ressource en ligne
504 _aComprend des références bibliographiques.
546 _aTexte en français
650 1 _aDroit pénal
_2qrmak
651 1 _2qrmak
856 4 0 _uhttps://fll.law.cu.edu.eg/fulltext/bks/B10-10021.pdf
905 _a167
942 _2ddc
_cBK
_e21
_n0
999 _c73790
_d73790